| Tag |
First Indicator |
Second Indicator |
Subfields |
| LEADER |
00000cam a2200000 4500 |
| 001 |
in00000024176 |
| 005 |
20151007061039.0 |
| 008 |
780517s1953 enka 00010aeng d |
| 035 |
|
|
|a (OCoLC)03904456
|
| 035 |
|
|
|9 AAD0926AM
|
| 040 |
|
|
|a APL
|c APL
|d TXA
|d UtOrBLW
|
| 049 |
|
|
|a TXAM
|c [235589]
|
| 090 |
|
|
|a ND653.B65
|b W5
|
| 092 |
|
|
|a 759.9492
|b B742h
|
| 100 |
1 |
|
|a Bosch, Hieronymus,
|d -1516.
|
| 245 |
1 |
0 |
|a Hieronymus Bosch /
|c with an introduction and notes by R. H. Wilenski.
|
| 264 |
|
1 |
|a [London] :
|b Faber and Faber,
|c [1953]
|
| 300 |
|
|
|a 24 pages :
|b illustrations
|
| 336 |
|
|
|a text
|b txt
|2 rdacontent
|
| 337 |
|
|
|a unmediated
|b n
|2 rdamedia
|
| 338 |
|
|
|a volume
|b nc
|2 rdacarrier
|
| 490 |
0 |
|
|a The Faber Gallery
|
| 650 |
|
0 |
|a Art, Dutch.
|
| 999 |
|
|
|a MARS
|
| 999 |
f |
f |
|s 50336745-6e44-36f7-89bc-bc7e17dfdba0
|i 69f7e1fd-6a2f-3a41-b5ba-fd935ba4d724
|t 0
|
| 952 |
f |
f |
|p ric
|a Texas A&M University
|b Rellis Campus
|c Joint Library Facility
|d Remote Storage
|t 0
|e ND653.B65 W5
|h Library of Congress classification
|i unmediated -- volume
|m A14801158918
|
| 998 |
f |
f |
|a ND653.B65 W5
|t 0
|l Remote Storage
|